[Event "Ceske Budejovice op-A"]
[Site "Ceske Budejovice"]
[Date "2023.07.06"]
[Round "6"]
[White "Chval, Zdenek"]
[Black "Linhart, Jaroslav"]
[Result "1-0"]
[WhiteElo "2107"]
[BlackElo "1790"]
[PlyCount "83"]
[EventDate "2023.07.01"]
[EventType "swiss"]
[EventRounds "9"]
[EventCountry "CZE"]
[SourceTitle "CBM 215 Extra"]
[Source "ChessBase"]
[SourceDate "2023.09.30"]
[SourceVersion "1"]
[SourceVersionDate "2023.09.30"]
[SourceQuality "1"]

1. e4 e5 2. Nf3 Nc6 3. Bb5 d6 4. 0-0 Nf6 5. Re1 Bg4 6. c3 a6 7. Ba4 Be7 8. d3 0-0 9. h3 Bxf3 10. Qxf3 b5 11. Bb3 Na5 12. Bc2 c5 13. Nd2 Qd7 14. Nf1 Nc6 15. Ne3 Nd8 16. Nf5 Ne6 17. Be3 Rfc8 18. Rac1 Rc7 19. g4 g6 20. Nh6+ Kh8 21. Nxf7+ Kg7 22. Ng5 Rf8 23. Qe2 h6 24. Nxe6+ Qxe6 25. Bb3 c4 26. dxc4 bxc4 27. Bc2 Nh7 28. Rcd1 Bg5 29. Kg2 Rcf7 30. Rf1 Rf3 31. Qxf3 Rxf3 32. Kxf3 Qf6+ 33. Kg2 Bf4 34. Rd2 Qh4 35. Rxd6 Ng5 36. Rh1 h5 37. Bxf4 exf4 38. e5 f3+ 39. Kf1 Nxh3 40. Rxg6+ Kh8 41. Rh2 hxg4 42. Bf5 1-0

[Event "CZE-ch Betsys Online Blitz"]
[Site "Chess.com INT"]
[Date "2021.04.17"]
[Round "2"]
[White "Maly, Jiri1111"]
[Black "Linhart, Jaroslav"]
[Result "0-1"]
[WhiteElo "1500"]
[BlackElo "1764"]
[PlyCount "94"]
[EventDate "2021.04.17"]
[EventType "swiss (blitz)"]
[EventRounds "13"]
[EventCountry "CZE"]
[SourceTitle "CBM 201 Extra"]
[Source "ChessBase"]
[SourceDate "2021.05.31"]
[SourceVersion "1"]
[SourceVersionDate "2021.05.31"]
[SourceQuality "1"]

1. e4 e5 2. Nf3 Nc6 3. d4 exd4 4. Nxd4 Bc5 5. Nxc6 Qf6 6. Qe2 dxc6 7. Nc3 Be6 8. e5 Qg6 9. Ne4 Bb6 10. Be3 Qxe4 11. 0-0-0 Qxe5 12. Bxb6 Qxe2 13. Bxe2 axb6 14. Rhe1 Ne7 15. b3 Rxa2 16. Kb1 Ra8 17. Bh5 0-0 18. Re4 Nd5 19. Rh4 Nc3+ 20. Kc1 Nxd1 21. Kxd1 Rfd8+ 22. Kc1 c5 23. Bf3 c6 24. Kb2 b5 25. Be4 h6 26. f4 b4 27. f5 Bd5 28. Bxd5 Rxd5 29. Rf4 Rd1 30. f6 Raa1 31. c4 Rg1 32. Rf2 Rad1 33. Kc2 Ra1 34. Kb2 Rgb1+ 35. Kc2 Ra2+ 36. Kxb1 Rxf2 37. fxg7 Kxg7 38. g4 Kf6 39. h4 Ke5 40. g5 hxg5 41. h5 Kd4 42. h6 Kc3 43. h7 Rh2 44. h8Q+ Rxh8 45. Ka2 Ra8+ 46. Kb1 Ra3 47. Kc1 Ra1# 0-1

[Event "CZE-ch Betsys Online Blitz"]
[Site "Chess.com INT"]
[Date "2021.04.17"]
[Round "5"]
[White "Sochorova, Petra"]
[Black "Linhart, Jaroslav"]
[Result "1-0"]
[WhiteElo "2045"]
[BlackElo "1764"]
[PlyCount "57"]
[EventDate "2021.04.17"]
[EventType "swiss (blitz)"]
[EventRounds "13"]
[EventCountry "CZE"]
[SourceTitle "CBM 201 Extra"]
[Source "ChessBase"]
[SourceDate "2021.05.31"]
[SourceVersion "1"]
[SourceVersionDate "2021.05.31"]
[SourceQuality "1"]

1. e4 c6 2. d4 d5 3. exd5 cxd5 4. c4 Nf6 5. Nc3 Nc6 6. Nf3 e6 7. cxd5 Nxd5 8. Bd3 Be7 9. 0-0 0-0 10. a3 Bf6 11. Re1 a6 12. Be4 Nce7 13. Ne5 b5 14. Ng4 Ng6 15. Nxf6+ Qxf6 16. Bxd5 exd5 17. Nxd5 Qf5 18. Ne3 Qd7 19. d5 Bb7 20. Qf3 Rac8 21. Bd2 Ne5 22. Qg3 Nd3 23. Red1 Nxb2 24. Rdc1 Nd3 25. Rxc8 Rxc8 26. h4 Bxd5 27. Ng4 Kh8 28. Qxd3 Qxg4 29. Qxd5 1-0